| 000 | 00738nam a22002177a 4500 | ||
|---|---|---|---|
| 999 |
_c19946 _d19946 |
||
| 003 | AR-CdUCM | ||
| 008 | 190523b ||||| |||| 00| 0 spa d | ||
| 040 |
_aMUNICIPALIDAD PROVINCIAL DEL CUSCO _cBIBLIOTECA MUNICIPAL DEL CUSCO |
||
| 082 |
_a597 / _bL83 |
||
| 100 |
_aLopez, Alexandra _941718 |
||
| 245 | _aPiscicultura y acuarios / | ||
| 260 |
_aLima : _bRipalme, _c1985. |
||
| 300 |
_a135 páginas ; _c24 cm. |
||
| 440 |
_aColección granja y negocio _941719 |
||
| 505 | _aContenido : Las lagunas y truchas -- Calidad de agua -- Temperatura de agua -- El Viento -- El oxígeno... | ||
| 650 |
_aManejo de producción _941720 |
||
| 650 |
_aEnfermedades _95611 |
||
| 650 |
_aRentabilidad _94180 |
||
| 942 |
_2ddc _cLIBROS |
||
| 945 | _arcc | ||